| 000 | 01559cam a22003854i 4500 | ||
|---|---|---|---|
| 003 | PE-LiUPU | ||
| 005 | 20250731175623.0 | ||
| 008 | 150623s1993 sp r 000 0 spa d | ||
| 020 | _a8400047907 | ||
| 035 | _a(Sirsi) i9788400047900 | ||
| 040 |
_aPE-LiUPU _bspa _cPE-LiUPU _erda |
||
| 049 | _aPRUA | ||
| 082 | 0 | 4 |
_a492.6 _bB11 _221 |
| 245 | 0 | 0 |
_aBanco de datos filológicos semíticos noroccidentales / _ceditado por Jesús-Luis y Vita, Juan-Pablo Cunchillos. |
| 264 | 1 |
_aMadrid : _bC.S.I.C, Instituto de Filología, _c1993. |
|
| 300 |
_a906 páginas ; _c25 centímetros |
||
| 336 |
_atext _2rdacontent |
||
| 337 |
_aunmediated _2rdamedia |
||
| 338 |
_avolume _2rdacarrier |
||
| 505 | 0 | _aIntroducción -- Mítica -- Epica -- Ritual -- Hipiatría -- Correspondencia -- Jurisprudencia -- Administración -- Ejercicios escolares -- Vocabularios -- Inscripciones -- Fragmentos varios -- Indices. | |
| 526 | _aP145 | ||
| 526 | _aP127 | ||
| 526 | _aP97 | ||
| 526 | _aP35 | ||
| 526 | _aP14 | ||
| 526 | _aP07 | ||
| 650 | 0 | 4 |
_aUgarítico _vtextos. |
| 700 | 1 |
_aCunchillos, Jesús-Luis y Vita, Juan-Pablo, _eeds. |
|
| 942 |
_2ddc _cBOOK |
||
| 949 |
_a492.6 B11 _wDEWEY _c1 _i44948 _lCCODEBUL1 _mBUL _r0 _sY _tBOOK _u2015-6-24 _xTEOLOGIA _PP35 _0COMPRA _o.STAFF. Colección Teología |
||
| 994 |
_aC0 _bPEPRU |
||
| 596 | _a1 | ||
| 999 |
_a492.6 B11 _wDEWEY _c21822 _i44948 _f2021-11-11 _g5 _lCCODEBUL1 _mBUL _p30.00 _r0 _sY _tBOOK _u2015-6-24 _xTEOLOGIA _PP35 _0COMPRA _o.STAFF. Colección Teología _d21822 |
||
| 980 |
_81 _gALBERTO SANCHEZ Responsable de Automatización |
||